000 00283nam a2200109Ia 4500
008 190912s9999||||xx |||||||||||||| ||und||
100 _aDoctor H.B. Khan
245 0 _aIslami Usool Ke 14 Asasi Usool -w-Zawabit
260 _aKarachi
_bAlhamd Academy
_c224
300 _a2016
942 _cBK
999 _c7476
_d7476